Polscy Youtuberzy powyżej miliona subskrybcji (17.04.20) - Statystyki

Ogólne statystyki
  • Ten quiz został rozwiązany 230 razy
  • Średni wynik to 20 z 91
Statystyki odpowiedzi
Hint Odpowiedź % Poprawnych
1) Blowek
89%
2) Stuu
77%
3) Rezigiusz
71%
38) Wersow
65%
4) Karol Friz Wiśniewski
62%
48) Tromba
56%
5) SA Wardęga
53%
29) Mandzio
44%
70) MINI MAJK
44%
8) Naruciak
44%
6) Abstrachuje TV
42%
11) IsAmU
40%
57) Marcin Dubiel
39%
25) Tomasz Gimper Działowy
39%
43) BOXDEL
36%
13) Kamerzysta
34%
12) 5 Sposobów na...
33%
26) BEKSY
33%
10) Planeta Faktów
32%
14) Karolek
31%
27) Wojan
30%
64) WAKSY
29%
20) MULTI
28%
40) Skkf
28%
34) TheNitroZyniak
28%
9) Disco Marek
27%
16) Izak LIVE
27%
7) Step Records
27%
58) Boruciak
25%
28) Kaluch
25%
87) Mixer
25%
17) Vito Minecraft
25%
35) JDabrowsky
24%
18) SBM Label
23%
71) Kruszwil
22%
37) The UnBoxAll
22%
52) Agnieszka Grzelak Vlog
20%
36) Rojson
20%
46) Z Dvpy
20%
31) FIT LOVERS
19%
22) QueQuality
19%
56) WiP Bros
19%
45) Remigiusz Maciaszek
18%
51) Ponki
17%
73) Agnieszka Grzelak Beauty
16%
32) DeeJayPallaside
16%
33) Niekryty Krytyk
16%
72) Cyber Marian
15%
62) Dominik Łupicki
15%
24) Marcin Malczyński
15%
68) Poszukiwacz
15%
63) Trenuj Z Krzychem
15%
55) AdBuster
14%
84) Szparagi
14%
60) Dawid Frank
13%
77) dealereq
13%
39) Disowskyy
13%
86) Doknes
13%
23) ProstoTV
13%
15) 5-minutowe sztuczki
12%
50) RoxMB
12%
61) Martin Stankiewicz
11%
66) Nieprzygotowani: Nowe Pokolenie
11%
65) Sitr0x
11%
21) SPInkafilmstudio
11%
19) tvnpl
11%
83) Dezy
10%
85) MagdalenaMariaMonika
10%
47) smiechawaTV
10%
75) Vertez
10%
49) Zajcu37
10%
76) Historia Bez Cenzury
9%
74) Topowa Dycha
9%
91) AjgorIgnacy
8%
41) BORCREW OFFICIAL
8%
30) KaliGanjaMafia
8%
69) Medusa Official
8%
81) Zuzanna Borucka
8%
78) NOLIF
7%
59) Taco Hemingway
7%
54) NewBadLabel
5%
82) TVGRY.PL
5%
44) UrbanRecTV
5%
79) GilathissNew
4%
89) GramPaula
4%
88) LETNI
4%
67) Mateusz M
4%
80) Miłośnicy Czterech Kółek
4%
90) AsfaltRecords
3%
42) MagicRecordsPoland
2%
53) ResLipstickMonster
0%
Nie znaleziono quizów pasujących do podanych kryteriów
Rozkład punktacji
Procent ludzi z każdym wynikiem
Percentyl według liczby udzielonych odpowiedzi
Twoja historia wyników
Nie rozwiązałeś tego quizu